000 00688nam a22002417a 4500
001 BR7375334
003 BR-BrBNA
005 20230928084418.0
007 ta
008 230509b bl.||||| |||| 00| 0 por d
040 _aBR-BrBNA
_bpor
_cBiblioteca Nacional de Agricultura
041 _a(Por)
072 _aE50
_b/G514
090 _ E50 BR7375334
110 1 _aConselho Nacional de Economia, Rio de Janeiro, GB (Brasil)
_92683
245 1 _aParecer sobre o anteprojeto de lei de locacao rural [Brasil]
260 3 _aRio de Janeiro, GB (Brasil):
_c1954.
300 _a16 p.
650 _aLEI
650 _aPROPRIEDADE RURAL
909 _a202309
_bLucia
_c55
_dLucia Elande
942 _cBK
999 _c18781
_d18781